000 00448nam a2200193Ia 4500
008 240510s9999 xx 000 0 und d
041 _aEng
082 _a519.2
082 _bH53
100 _aHOGG, Robert V. : CRAIG, Allen T.
245 0 _aIntroduction to mathematical statistics
250 _a3rd ed.
260 _bNew Delhi : Amerind
260 _c1970
300 _a415 p.
650 _aStatistics
942 _2ddc
942 _cLBK
999 _c23506
_d23506
945 _a1
_bMadushi Gamage
_c1
_dMadushi Gamage